00880nam a22002297a 450000500170000001000150001702000260003203500140005803700090007208200140008110000300009524501230012525000060024826000310025427000570028530000270034270000360036970000380040594200280044399900190047195201600049020260519112735.0 aENG-148528 a9789364442060c650.00 aEN-132060 bDBAD 21a006.31 aBanerjee, Pratyush982815 aFundamentals of Machine Learning: bA Business PerspectivecPratyush Banerjee; Supriti Mishra [and] Shivashankar Chari a1 aChennaibMcGraw Hillc2026 a5/90 A, Butt Road, St. Thomas MountbChennaie600016 a294p.c24cm(pb)bIndex aMishra, Supriti eAuthor982816 aShivashankar CharieAuthor989144 2ddccENh006.31mBANe1 c216263d216263 001040718NFICaDBADbDBADd2026-05-19eDelivery of Books Act Divisiong650.00l0o006.31 BANpEN-132060r2026-05-19 11:29:55t 1v650.00w2026-05-19yEN